Southville International School and Colleges
Your cart is empty.
  • Cart
  • Lists
    Public lists Eva Luna New books Lux_list list_1
    Your lists Log in to create your own lists
  • Log in to your account
  • Your cookies
  • Search history
Southville International School and Colleges
  • Advanced search
  • Recent comments
  • Most popular
  • Libraries

Log in to your account

Log in with GOOGLE


If you do not have an external account, but do have a local account, you can still log in:

  1. Home
  2. MARC view: A Handbook for Constructive living /
Normal view MARC view ISBD view

A Handbook for Constructive living / (Record no. 19895)

[ view plain ]
MARC details
000 -LEADER
fixed length control field 00543nam a2200193 a 4500
005 - DATE AND TIME OF LATEST TRANSACTION
control field 20140310183202.0
008 - FIXED-LENGTH DATA ELEMENTS--GENERAL INFORMATION
fixed length control field 030106s19uu xx 00 eng d
020 ## - INTERNATIONAL STANDARD BOOK NUMBER
International Standard Book Number 0688142265
050 ## - LIBRARY OF CONGRESS CALL NUMBER
Classification number RC 489.M65
Item number .R438 1995
100 ## - MAIN ENTRY--PERSONAL NAME
Personal name Reynolds, David K.
245 ## - TITLE STATEMENT
Title A Handbook for Constructive living /
Statement of responsibility, etc David K. Reynolds.
260 ## - PUBLICATION, DISTRIBUTION, ETC. (IMPRINT)
Place of publication, distribution, etc Honolulu :
Name of publisher, distributor, etc University of Hawaii Press,
Date of publication, distribution, etc 1995.
300 ## - PHYSICAL DESCRIPTION
Extent 293 p. :
Dimensions 22 cm.
521 ## - TARGET AUDIENCE NOTE
Target audience note
650 ## - SUBJECT ADDED ENTRY--TOPICAL TERM
Topical term or geographic name as entry element Psychotheraphy
650 ## - SUBJECT ADDED ENTRY--TOPICAL TERM
Topical term or geographic name as entry element Conduct of life
942 ## - ADDED ENTRY ELEMENTS (KOHA)
Koha item type Books
Source of classification or shelving scheme Library of Congress Classification
Call number prefix Foreign
Holdings
Withdrawn status Lost status Source of classification or shelving scheme Damaged status Home library Current library Shelving location Date acquired Cost, normal purchase price Total Checkouts Full call number Barcode Date last seen Copy number Price effective from Koha item type
    Library of Congress Classification   College Library College Library General Circulation Section 04/07/2010 1590.00   RC 489.M65 .R438 1995 C1460 05/15/2018 1 10/10/2013 Books

A Handbook for Constructive living /

APA

Reynolds D. K., . (1995). A Handbook for Constructive living. Honolulu: University of Hawaii Press.

Chicago

Reynolds David K, . 1995. A Handbook for Constructive living. Honolulu: University of Hawaii Press.

Harvard

Reynolds D. K., . (1995). A Handbook for Constructive living. Honolulu: University of Hawaii Press.

MLA

Reynolds David K, . A Handbook for Constructive living. Honolulu: University of Hawaii Press. 1995.

  • Place hold
  • Print
  • Cite
  • Add to your cart (remove)
  • Save record
    BIBTEX Dublin Core MARCXML MARC (non-Unicode/MARC-8) MARC (Unicode/UTF-8) MARC (Unicode/UTF-8, Standard) MODS (XML) RIS
  • More searches
    Search for this title in:
    Other Libraries (WorldCat) Other Databases (Google Scholar) Online Stores (Bookfinder.com) Open Library (openlibrary.org)

Exporting to Dublin Core...

SOUTHVILLE LIBRARY

Southville International School and Colleges Library

1281 Tropical Ave. Cor. Luxembourg St., BF Homes International, Las Pinas City

Tel. No. 8256374 / 252358 Loc. 117/146

Powered by Koha